[Event "13. Obert Int. Sant Marti 2011"]
[Site "Barcelona ESP"]
[Date "2011.07.17"]
[Round "5.10"]
[White "Mestre Bellido, Hector"]
[Black "Cuartas, Jaime Alexander"]
[Result "1-0"]
[WhiteElo "2380"]
[BlackElo "2542"]
[PlyCount "123"]
[EventDate "2011.07.13"]
[EventType "swiss"]
[EventRounds "9"]
[EventCountry "ESP"]
[SourceTitle "Ajedrez en Madrid"]
[Source "lmi"]
[SourceDate "2011.07.13"]
[SourceVersion "1"]
[SourceVersionDate "2019.06.21"]
[SourceQuality "1"]

1. e4 c5 2. Nf3 Nc6 3. d4 cxd4 4. Nxd4 g6 5. c4 Bg7 6. Be3 Nf6 7. Nc3 Ng4 8.
Qxg4 Nxd4 9. Qd1 e5 10. Bd3 O-O 11. O-O d6 12. Qd2 Be6 13. Rad1 f5 14. exf5
gxf5 15. Bxd4 exd4 16. Ne2 Kh8 17. Nf4 Bg8 18. Nh5 Qc7 19. Nxg7 Qxg7 20. Bc2
Rac8 21. b3 b5 22. cxb5 Bd5 23. f3 Rc3 24. Rf2 Rfc8 25. Qxd4 Bxb3 26. axb3 Rxc2
27. Rxc2 Rxc2 28. Qxg7+ Kxg7 29. Rxd6 Rb2 30. b6 axb6 31. Rxb6 h5 32. h4 Rd2
33. Kh2 Rd3 34. Kh3 Rd4 35. Kg3 f4+ 36. Kh2 Kh7 37. Rc6 Rb4 38. Rc3 Kg6 39. Kg1
Rd4 40. Rc4 Rd1+ 41. Kh2 Kf5 42. Rc5+ Kg6 43. b4 Rd4 44. b5 Rb4 45. Rc6+ Kg7
46. Rc5 Kg6 47. Rg5+ Kh6 48. Kg1 Rb1+ 49. Kf2 Rb4 50. Ke2 Rd4 51. Re5 Rd6 52.
Rc5 Rd4 53. Rc6+ Kg7 54. b6 Rb4 55. Kd3 Kh7 56. Kc3 Rb1 57. Kd4 Rb2 58. Rc7+
Kg6 59. b7 Kf5 60. Kd5 Rd2+ 61. Kc6 Rc2+ 62. Kd7 1-0

[Event "13. Obert Int. Sant Marti 2011"]
[Site "Barcelona ESP"]
[Date "2011.07.17"]
[Round "5.12"]
[White "Munoz Pantoja, Miguel"]
[Black "Exposito Amaro, Josue"]
[Result "1-0"]
[WhiteElo "2482"]
[BlackElo "2258"]
[PlyCount "63"]
[EventDate "2011.07.13"]
[EventType "swiss"]
[EventRounds "9"]
[EventCountry "ESP"]
[SourceTitle "Ajedrez en Madrid"]
[Source "lmi"]
[SourceDate "2011.07.13"]
[SourceVersion "1"]
[SourceVersionDate "2019.06.21"]
[SourceQuality "1"]

1. e4 c5 2. Nf3 Nc6 3. d4 cxd4 4. Nxd4 e5 5. Nb5 a6 6. N5c3 Bc5 7. Bc4 Qf6 8.
O-O Nge7 9. Kh1 b5 10. Bb3 Nd4 11. Nd5 Qd6 12. f4 Nxb3 13. fxe5 Qxe5 14. axb3
Nxd5 15. exd5 O-O 16. Nc3 Bb7 17. Bf4 Qe7 18. Re1 Qh4 19. Bg3 Qh6 20. Ne4 Be7
21. c4 f5 22. Nc3 Bb4 23. Be5 f4 24. Qg4 d6 25. Bd4 Rae8 26. Rxe8 Rxe8 27. Qd7
Qg6 28. Qxb7 Bxc3 29. bxc3 f3 30. gxf3 Re2 31. Qc8+ Kf7 32. Rg1 1-0

[Event "13. Obert Int. Sant Marti 2011"]
[Site "Barcelona ESP"]
[Date "2011.07.17"]
[Round "5.13"]
[White "Martinez Romero, Martin"]
[Black "Abreu Delgado, Aryam"]
[Result "1/2-1/2"]
[WhiteElo "2235"]
[BlackElo "2479"]
[PlyCount "96"]
[EventDate "2011.07.13"]
[EventType "swiss"]
[EventRounds "9"]
[EventCountry "ESP"]
[SourceTitle "Ajedrez en Madrid"]
[Source "lmi"]
[SourceDate "2011.07.13"]
[SourceVersion "1"]
[SourceVersionDate "2019.06.21"]
[SourceQuality "1"]

1. e4 c5 2. Nf3 d6 3. d4 cxd4 4. Nxd4 Nf6 5. Nc3 a6 6. Bc4 e6 7. Bb3 b5 8. O-O
Be7 9. Qf3 Qb6 10. Be3 Qb7 11. Qg3 b4 12. Na4 Nbd7 13. f3 O-O 14. a3 a5 15.
Rfd1 Re8 16. axb4 axb4 17. Ne2 Ra5 18. Qf2 Qa6 19. Ra2 d5 20. exd5 Nxd5 21. Bd4
Bb7 22. Rda1 Qd6 23. c4 Nf4 24. Nxf4 Qxf4 25. Be3 Qc7 26. Kh1 Rh5 27. h3 Qe5
28. Bd4 Qf4 29. Be3 Qf6 30. Bd1 Bd6 31. Kg1 Bf4 32. b3 Bc6 33. Bxf4 Qxf4 34.
Rd2 Ra5 35. Rd4 Qc7 36. Qd2 e5 37. Rd6 Nc5 38. Bc2 Bxa4 39. bxa4 b3 40. Be4
Nxe4 41. fxe4 b2 42. Rd1 Rxa4 43. Qxb2 Qc5+ 44. Kh1 Rxc4 45. Rd8 Qf8 46. Qb8
Rb4 47. Qc8 Rc4 48. Qb8 Rb4 1/2-1/2

[Event "13. Obert Int. Sant Marti 2011"]
[Site "Barcelona ESP"]
[Date "2011.07.17"]
[Round "5.14"]
[White "Pilgaard, Kim"]
[Black "Randazzo, Adrian"]
[Result "1/2-1/2"]
[WhiteElo "2442"]
[BlackElo "2226"]
[PlyCount "92"]
[EventDate "2011.07.13"]
[EventType "swiss"]
[EventRounds "9"]
[EventCountry "ESP"]
[SourceTitle "Ajedrez en Madrid"]
[Source "lmi"]
[SourceDate "2011.07.13"]
[SourceVersion "1"]
[SourceVersionDate "2019.06.21"]
[SourceQuality "1"]

1. e4 e6 2. d4 d5 3. Nc3 dxe4 4. Nxe4 Nd7 5. Nf3 Ngf6 6. Nxf6+ Nxf6 7. Be3 Nd5
8. Bd2 c5 9. Ne5 a6 10. c4 Nf6 11. Qa4+ Bd7 12. Nxd7 Qxd7 13. Qxd7+ Nxd7 14.
dxc5 Bxc5 15. Bc3 Nf6 16. f3 O-O-O 17. Rd1 Bf2+ 18. Ke2 Rxd1 19. Kxd1 Bd4 20.
Kc2 Bxc3 21. Kxc3 Rd8 22. Be2 Kc7 23. b4 b6 24. Rb1 Rd6 25. Rd1 Rxd1 26. Bxd1
Kd6 27. g3 e5 28. Be2 a5 29. a3 axb4+ 30. axb4 Ne8 31. Bd3 h6 32. Kb3 Nc7 33.
Ka4 Ne6 34. Kb5 Kc7 35. Ka6 Nd4 36. Be4 f5 37. Bd5 g5 38. c5 bxc5 39. bxc5 h5
40. Ka5 f4 41. gxf4 exf4 42. h3 Nc6+ 43. Ka4 Ne5 44. Kb3 g4 45. fxg4 hxg4 46.
hxg4 Nxg4 1/2-1/2

[Event "13. Obert Int. Sant Marti 2011"]
[Site "Barcelona ESP"]
[Date "2011.07.17"]
[Round "5.16"]
[White "Trujillo Villega, Pablo Adrian"]
[Black "Pogorelov, Ruslan"]
[Result "0-1"]
[WhiteElo "2173"]
[BlackElo "2430"]
[PlyCount "88"]
[EventDate "2011.07.13"]
[EventType "swiss"]
[EventRounds "9"]
[EventCountry "ESP"]
[SourceTitle "Ajedrez en Madrid"]
[Source "lmi"]
[SourceDate "2011.07.13"]
[SourceVersion "1"]
[SourceVersionDate "2019.06.21"]
[SourceQuality "1"]

1. d4 Nf6 2. c4 e6 3. Nf3 b6 4. g3 Ba6 5. Qc2 Bb7 6. Bg2 c5 7. d5 exd5 8. cxd5
Nxd5 9. O-O Be7 10. Rd1 Nf6 11. Nc3 O-O 12. e4 g6 13. Bf4 Nh5 14. Bd6 Bxd6 15.
Rxd6 Qe7 16. Rad1 Rd8 17. e5 Ng7 18. Ne4 Bxe4 19. Qxe4 Nc6 20. Qd5 Ne6 21. Nd2
Nc7 22. Qe4 Ne8 23. Rd3 Rac8 24. f4 Nd4 25. Nf3 d5 26. Qe1 Nxf3+ 27. Bxf3 d4
28. g4 Ng7 29. Qg3 f6 30. exf6 Qxf6 31. b3 Kh8 32. Rf1 b5 33. g5 Qb6 34. Bg4
Nf5 35. Bxf5 gxf5 36. Qe1 c4 37. Qe5+ Kg8 38. g6 cxd3 39. gxh7+ Kf7 40. Re1 Qf6
41. h8=Q Rxh8 42. Qd5+ Kf8 43. Re6 Rc1+ 44. Kg2 Qg7+ 0-1

[Event "13. Obert Int. Sant Marti 2011"]
[Site "Barcelona ESP"]
[Date "2011.07.17"]
[Round "5.17"]
[White "Dalo, Hermes"]
[Black "Lorenzo De La Riva, Lazaro"]
[Result "1/2-1/2"]
[WhiteElo "2049"]
[BlackElo "2391"]
[PlyCount "85"]
[EventDate "2011.07.13"]
[EventType "swiss"]
[EventRounds "9"]
[EventCountry "ESP"]
[SourceTitle "Ajedrez en Madrid"]
[Source "lmi"]
[SourceDate "2011.07.13"]
[SourceVersion "1"]
[SourceVersionDate "2019.06.21"]
[SourceQuality "1"]

1. d4 d6 2. c4 e5 3. Nf3 e4 4. Nfd2 f5 5. e3 Nf6 6. Nc3 g6 7. Be2 Bh6 8. b4 O-O
9. h3 Qe7 10. Qc2 c6 11. g4 d5 12. Rg1 fxg4 13. hxg4 Bg5 14. cxd5 cxd5 15. Qb3
Be6 16. b5 Qf7 17. Rg2 Nbd7 18. Ba3 Rfc8 19. Bb4 Ne8 20. a4 Ndf6 21. a5 Qd7 22.
Qd1 Nd6 23. b6 axb6 24. Na4 bxa5 25. Nb6 Qd8 26. Nxc8 Nxc8 27. Qb3 b6 28. f4
exf3 29. Nxf3 Ne4 30. Bd3 Ncd6 31. Bxd6 Nxd6 32. Ke2 Kg7 33. Nxg5 Qxg5 34. Qxb6
Rd8 35. Rg3 Ne4 36. Bxe4 dxe4 37. Rxa5 Qh4 38. Kf2 Bf5 39. Qc6 Rf8 40. Rxf5
Qh2+ 41. Rg2 Qh4+ 42. Rg3 Qh2+ 43. Rg2 1/2-1/2

[Event "13. Obert Int. Sant Marti 2011"]
[Site "Barcelona ESP"]
[Date "2011.07.17"]
[Round "5.19"]
[White "Ortiz Suarez, Isan Reynaldo"]
[Black "Asensio Linan, Teodoro"]
[Result "1/2-1/2"]
[WhiteElo "2556"]
[BlackElo "2223"]
[PlyCount "65"]
[EventDate "2011.07.13"]
[EventType "swiss"]
[EventRounds "9"]
[EventCountry "ESP"]
[SourceTitle "Ajedrez en Madrid"]
[Source "lmi"]
[SourceDate "2011.07.13"]
[SourceVersion "1"]
[SourceVersionDate "2019.06.21"]
[SourceQuality "1"]

1. e4 c5 2. Nf3 d6 3. d4 cxd4 4. Nxd4 Nf6 5. Nc3 g6 6. Be3 Bg7 7. f3 Nc6 8. Qd2
O-O 9. Bc4 Bd7 10. h4 Rc8 11. Bb3 Na5 12. h5 Nxh5 13. g4 Nf6 14. Nd5 Nxb3 15.
axb3 e6 16. Nxf6+ Qxf6 17. O-O-O Rc5 18. Qh2 Rfc8 19. Rd2 Ra5 20. Kb1 Rc6 21.
c3 Rca6 22. Qxh7+ Kf8 23. Kc2 d5 24. f4 e5 25. f5 gxf5 26. exf5 exd4 27. Bxd4
Qg5 28. Qh2 Rc6 29. b4 Rb5 30. Bxg7+ Qxg7 31. Qb8+ Bc8 32. Rdh2 Rxb4 33. Rh8+
1/2-1/2

[Event "13. Obert Int. Sant Marti 2011"]
[Site "Barcelona ESP"]
[Date "2011.07.17"]
[Round "5.20"]
[White "Alberto, Manuel"]
[Black "Cruz, Filemon"]
[Result "0-1"]
[WhiteElo "2218"]
[BlackElo "2406"]
[PlyCount "80"]
[EventDate "2011.07.13"]
[EventType "swiss"]
[EventRounds "9"]
[EventCountry "ESP"]
[SourceTitle "Ajedrez en Madrid"]
[Source "lmi"]
[SourceDate "2011.07.13"]
[SourceVersion "1"]
[SourceVersionDate "2019.06.21"]
[SourceQuality "1"]

1. e4 e6 2. d4 d5 3. e5 c5 4. c3 Nc6 5. Nf3 Qb6 6. a3 Nh6 7. b4 cxd4 8. cxd4
Nf5 9. Bb2 Be7 10. Bd3 Bd7 11. O-O O-O 12. Nc3 g6 13. Na4 Qd8 14. Nc5 Bc8 15.
Rc1 Nb8 16. Bb1 Nd7 17. Rc3 b6 18. Nd3 Ba6 19. Qd2 Rc8 20. Rfc1 Bc4 21. Nde1 f6
22. g4 Ng7 23. exf6 Bxf6 24. Nd3 Ne8 25. Nde5 Nd6 26. Re1 Nb5 27. Rce3 Nxe5 28.
dxe5 Bg7 29. a4 Bh6 30. axb5 Rxf3 31. Qd1 Rxe3 32. fxe3 Qh4 33. Bd4 Rf8 34. Qd2
Qxg4+ 35. Qg2 Qh5 36. Ba2 Qh4 37. Ra1 Bd3 38. Bxd5 exd5 39. Qxd5+ Rf7 40. e6
Qg4+ 0-1

[Event "13. Obert Int. Sant Marti 2011"]
[Site "Barcelona ESP"]
[Date "2011.07.18"]
[Round "6.1"]
[White "Alarcon Casellas, Rolando"]
[Black "Bacallao Alonso, Yusnel"]
[Result "1/2-1/2"]
[WhiteElo "2453"]
[BlackElo "2532"]
[PlyCount "50"]
[EventDate "2011.07.13"]
[EventType "swiss"]
[EventRounds "9"]
[EventCountry "ESP"]
[SourceTitle "Ajedrez en Madrid"]
[Source "lmi"]
[SourceDate "2011.07.13"]
[SourceVersion "1"]
[SourceVersionDate "2019.06.21"]
[SourceQuality "1"]

1. e4 c6 2. d4 d5 3. exd5 cxd5 4. Bd3 Nf6 5. h3 Nc6 6. Nf3 g6 7. O-O Bg7 8. c3
O-O 9. Bf4 b6 10. Nbd2 Bb7 11. Re1 e6 12. Nf1 Rc8 13. Ng3 Na5 14. Qc1 Nc4 15.
Re2 Nd6 16. Bh6 Nfe4 17. Bxg7 Kxg7 18. Qf4 Qf6 19. Qxf6+ Nxf6 20. Rae1 Nfe4 21.
a3 Rfe8 22. Nd2 Nxd2 23. Rxd2 Bc6 24. f3 Bb5 25. Bxb5 Nxb5 1/2-1/2

[Event "13. Obert Int. Sant Marti 2011"]
[Site "Barcelona ESP"]
[Date "2011.07.18"]
[Round "6.2"]
[White "Cruz, Jonathan"]
[Black "Aroshidze, Levan"]
[Result "0-1"]
[WhiteElo "2406"]
[BlackElo "2539"]
[PlyCount "93"]
[EventDate "2011.07.13"]
[EventType "swiss"]
[EventRounds "9"]
[EventCountry "ESP"]
[SourceTitle "Ajedrez en Madrid"]
[Source "lmi"]
[SourceDate "2011.07.13"]
[SourceVersion "1"]
[SourceVersionDate "2019.06.21"]
[SourceQuality "1"]

1. d4 Nf6 2. c4 e6 3. Nc3 Bb4 4. f3 c5 5. d5 exd5 6. cxd5 d6 7. e4 O-O 8. Nge2
Re8 9. Ng3 Nbd7 10. Be2 a6 11. O-O Nf8 12. Qc2 Ba5 13. Nd1 h5 14. Nh1 b5 15.
Nhf2 Bd7 16. Bg5 N8h7 17. Be3 Qc7 18. a3 Bb6 19. Qd2 c4 20. Rc1 Bxe3 21. Nxe3
Qb6 22. Nc2 Nf8 23. Kh1 Ng6 24. Nd1 Re7 25. Nd4 Rae8 26. Ne3 Re5 27. Rcd1 Qc5
28. Nec2 h4 29. Nb4 Nh5 30. Ndc6 Ngf4 31. Nxe5 Rxe5 32. Rfe1 h3 33. Qd4 hxg2+
34. Kg1 Qc8 35. Nc6 Bxc6 36. dxc6 Rg5 37. Kf2 Nh3+ 38. Ke3 Qxc6 39. Kd2 N5f4
40. Qa7 Qc5 41. Qb8+ Kh7 42. Kc2 g1=Q 43. Rxg1 Nxg1 44. Rxd6 Ngxe2 45. Rd8 Nd4+
46. Kb1 Rg1+ 47. Ka2 0-1

[Event "13. Obert Int. Sant Marti 2011"]
[Site "Barcelona ESP"]
[Date "2011.07.18"]
[Round "6.3"]
[White "Moskalenko, Viktor"]
[Black "Gonzalez Rodriguez, Jorge A."]
[Result "1-0"]
[WhiteElo "2591"]
[BlackElo "2434"]
[PlyCount "33"]
[EventDate "2011.07.13"]
[EventType "swiss"]
[EventRounds "9"]
[EventCountry "ESP"]
[SourceTitle "Ajedrez en Madrid"]
[Source "lmi"]
[SourceDate "2011.07.13"]
[SourceVersion "1"]
[SourceVersionDate "2019.06.21"]
[SourceQuality "1"]

1. d4 Nf6 2. c4 e6 3. Nc3 b6 4. e4 Bb4 5. Bd3 Bxc3+ 6. bxc3 d6 7. Ne2 c5 8. O-O
Nc6 9. f4 Nd7 10. d5 Na5 11. Ng3 g6 12. e5 exd5 13. cxd5 O-O 14. e6 Nf6 15. f5
Nxd5 16. exf7+ Rxf7 17. Bc4 1-0

[Event "13. Obert Int. Sant Marti 2011"]
[Site "Barcelona ESP"]
[Date "2011.07.18"]
[Round "6.4"]
[White "Jimenez Fraga, Pedro Alejandro"]
[Black "Karlsson, Lars"]
[Result "0-1"]
[WhiteElo "2464"]
[BlackElo "2482"]
[PlyCount "68"]
[EventDate "2011.07.13"]
[EventType "swiss"]
[EventRounds "9"]
[EventCountry "ESP"]
[SourceTitle "Ajedrez en Madrid"]
[Source "lmi"]
[SourceDate "2011.07.13"]
[SourceVersion "1"]
[SourceVersionDate "2019.06.21"]
[SourceQuality "1"]

1. e4 c5 2. Nf3 Nc6 3. Bb5 Nf6 4. Nc3 Nd4 5. e5 Nxb5 6. Nxb5 Ng4 7. Qe2 Qb6 8.
c4 a6 9. Nc3 e6 10. h3 Nh6 11. b3 Be7 12. Bb2 Qc6 13. O-O Nf5 14. g4 Nh4 15.
Nxh4 Bxh4 16. Ne4 Be7 17. d4 cxd4 18. Bxd4 b6 19. Qe3 Bb7 20. f3 Qc7 21. Nd6+
Bxd6 22. Bxb6 Qc6 23. exd6 Qxd6 24. Kg2 h5 25. Rad1 Qb8 26. Qd4 hxg4 27. Qxg7
Bxf3+ 28. Rxf3 gxf3+ 29. Kf1 Rh5 30. Bf2 Qe5 31. Qg8+ Ke7 32. Rxd7+ Kxd7 33.
Qxf7+ Kd6 34. Qxf3 Rg8 0-1

[Event "13. Obert Int. Sant Marti 2011"]
[Site "Barcelona ESP"]
[Date "2011.07.18"]
[Round "6.5"]
[White "Perez Mitjans, Orelvis"]
[Black "Cruz, Cristhian"]
[Result "1/2-1/2"]
[WhiteElo "2452"]
[BlackElo "2470"]
[PlyCount "89"]
[EventDate "2011.07.13"]
[EventType "swiss"]
[EventRounds "9"]
[EventCountry "ESP"]
[SourceTitle "Ajedrez en Madrid"]
[Source "lmi"]
[SourceDate "2011.07.13"]
[SourceVersion "1"]
[SourceVersionDate "2019.06.21"]
[SourceQuality "1"]

1. e4 e6 2. d4 d5 3. Nc3 Bb4 4. e5 b6 5. Nh3 Qd7 6. Nf4 g6 7. Bd3 Ba6 8. O-O
Bxd3 9. Qxd3 c5 10. a3 Bxc3 11. bxc3 Nc6 12. a4 Nge7 13. Re1 cxd4 14. cxd4 Rc8
15. Bd2 h5 16. Ne2 Nf5 17. c3 Na5 18. Bg5 Rc4 19. Bf6 Rf8 20. Reb1 Qc6 21. h3
Kd7 22. g4 hxg4 23. hxg4 Ne7 24. Qf3 Ke8 25. Rb4 Qd7 26. Kg2 Nec6 27. Rbb1 Nd8
28. Qf4 Rxa4 29. Qh6 Rxa1 30. Rxa1 Ndc6 31. Rh1 Ne7 32. Qg7 Qc8 33. Rh7 Nac6
34. Bg5 Kd7 35. Bh6 Rg8 36. Qxf7 Rh8 37. Rxh8 Qxh8 38. Bg5 Qg8 39. Qf3 a5 40.
c4 Qa8 41. Qf7 Qe8 42. Qf3 Qa8 43. Qf7 Qe8 44. Qf3 Qa8 45. Qf7 1/2-1/2

[Event "13. Obert Int. Sant Marti 2011"]
[Site "Barcelona ESP"]
[Date "2011.07.18"]
[Round "6.6"]
[White "Pogorelov, Ruslan"]
[Black "Leon Hoyos, Manuel"]
[Result "0-1"]
[WhiteElo "2430"]
[BlackElo "2548"]
[PlyCount "74"]
[EventDate "2011.07.13"]
[EventType "swiss"]
[EventRounds "9"]
[EventCountry "ESP"]
[SourceTitle "Ajedrez en Madrid"]
[Source "lmi"]
[SourceDate "2011.07.13"]
[SourceVersion "1"]
[SourceVersionDate "2019.06.21"]
[SourceQuality "1"]

1. Nf3 g6 2. c4 c5 3. d4 cxd4 4. Nxd4 Nc6 5. e4 Nf6 6. Nc3 d6 7. Be2 Nxd4 8.
Qxd4 Bg7 9. Bg5 O-O 10. Qd2 a5 11. Rd1 Be6 12. Qe3 Qc7 13. Nd5 Bxd5 14. exd5
Nd7 15. b3 a4 16. O-O axb3 17. axb3 Bf6 18. h4 Ra3 19. Bxf6 exf6 20. h5 Nc5 21.
Rb1 Qd8 22. Bd1 Re8 23. Qc1 Ra2 24. Bf3 f5 25. Qc3 Ra3 26. Bd1 Qh4 27. Qb2 Rea8
28. g3 Qg5 29. Qd4 Ne4 30. Kg2 Qd2 31. Qb6 Nc3 32. Bf3 Nxb1 33. Rxb1 Qc2 34.
Qd4 Qxb1 35. h6 Qa1 36. Qb6 Ra2 37. Qxd6 Qd4 0-1

[Event "13. Obert Int. Sant Marti 2011"]
[Site "Barcelona ESP"]
[Date "2011.07.18"]
[Round "6.7"]
[White "Matnadze, Ana"]
[Black "Gonzalez Garcia, Jose"]
[Result "1/2-1/2"]
[WhiteElo "2428"]
[BlackElo "2522"]
[PlyCount "92"]
[EventDate "2011.07.13"]
[EventType "swiss"]
[EventRounds "9"]
[EventCountry "ESP"]
[SourceTitle "Ajedrez en Madrid"]
[Source "lmi"]
[SourceDate "2011.07.13"]
[SourceVersion "1"]
[SourceVersionDate "2019.06.21"]
[SourceQuality "1"]

1. d4 Nf6 2. Nf3 d5 3. g3 c6 4. Bg2 Bg4 5. O-O Nbd7 6. c4 e6 7. Nc3 dxc4 8. a4
a5 9. e4 Qb6 10. d5 Bc5 11. Qe2 Ne5 12. Bf4 Bxf3 13. Bxf3 Nxf3+ 14. Qxf3 O-O
15. d6 Nd7 16. e5 Bd4 17. Qe2 Qc5 18. Ne4 Qd5 19. Rfd1 Nxe5 20. Nc3 Nf3+ 21.
Kh1 Qh5 22. g4 Qh3 23. Bg3 Bxc3 24. bxc3 Nh4 25. f3 Ng6 26. Rab1 h5 27. d7 e5
28. gxh5 Qxh5 29. Rxb7 Kh7 30. Rc7 f5 31. Rxc6 Rad8 32. Rxc4 Rf7 33. Rc7 e4 34.
Rd5 exf3 35. Qd3 Qg4 36. Rc8 Rdxd7 37. Rxd7 Rxd7 38. Qxd7 f2 39. Bxf2 Qe4+ 40.
Kg1 Qb1+ 41. Kg2 Nf4+ 42. Kg3 Ne2+ 43. Kg2 Nf4+ 44. Kg3 Ne2+ 45. Kg2 Nf4+ 46.
Kg3 Ne2+ 1/2-1/2

[Event "13. Obert Int. Sant Marti 2011"]
[Site "Barcelona ESP"]
[Date "2011.07.18"]
[Round "6.8"]
[White "Martinez Ramirez, Erik"]
[Black "Delgado Ramos, Hector"]
[Result "1/2-1/2"]
[WhiteElo "2257"]
[BlackElo "2488"]
[PlyCount "86"]
[EventDate "2011.07.13"]
[EventType "swiss"]
[EventRounds "9"]
[EventCountry "ESP"]
[SourceTitle "Ajedrez en Madrid"]
[Source "lmi"]
[SourceDate "2011.07.13"]
[SourceVersion "1"]
[SourceVersionDate "2019.06.21"]
[SourceQuality "1"]

1. e4 c5 2. Nf3 d6 3. d4 cxd4 4. Nxd4 Nf6 5. Nc3 g6 6. Be3 Bg7 7. f3 O-O 8. Qd2
Nc6 9. g4 Bxg4 10. fxg4 Nxg4 11. Nb3 d5 12. exd5 Nxe3 13. Qxe3 Bxc3+ 14. bxc3
Qxd5 15. Rg1 Qh5 16. Qe2 Qh4+ 17. Qf2 Qe4+ 18. Qe2 Qf4 19. Rg4 Qf6 20. Nd4 Na5
21. Re4 Rac8 22. Qb5 b6 23. Qe5 Qxe5 24. Rxe5 e6 25. O-O-O Rxc3 26. Nb5 Rf3 27.
Nxa7 Rf2 28. Re2 Rf4 29. Bg2 Ra4 30. Re4 Nc4 31. Bf1 Rxa2 32. Bxc4 Rxa7 33. Rd6
Rb8 34. Bb3 b5 35. Kb2 Kf8 36. h4 Ke7 37. Rdd4 Rc7 38. Re5 Kf6 39. Rg5 h6 40.
Rf4+ Ke7 41. Re5 Kd6 42. Re3 Ke7 43. Rfe4 Kd6 1/2-1/2

[Event "13. Obert Int. Sant Marti 2011"]
[Site "Barcelona ESP"]
[Date "2011.07.18"]
[Round "6.9"]
[White "Munoz Pantoja, Miguel"]
[Black "Mestre Bellido, Hector"]
[Result "1-0"]
[WhiteElo "2482"]
[BlackElo "2380"]
[PlyCount "59"]
[EventDate "2011.07.13"]
[EventType "swiss"]
[EventRounds "9"]
[EventCountry "ESP"]
[SourceTitle "Ajedrez en Madrid"]
[Source "lmi"]
[SourceDate "2011.07.13"]
[SourceVersion "1"]
[SourceVersionDate "2019.06.21"]
[SourceQuality "1"]

1. e4 e5 2. Nf3 Nc6 3. Bb5 a6 4. Ba4 Nf6 5. O-O Be7 6. Bxc6 dxc6 7. d3 Nd7 8.
Nbd2 O-O 9. Nc4 f6 10. d4 exd4 11. Nxd4 Ne5 12. Ne3 Bc5 13. c3 Qe7 14. Qe2 Rd8
15. Nef5 Qf7 16. Be3 Bxd4 17. Nxd4 c5 18. Nc2 Be6 19. b3 c4 20. b4 Nd3 21. f4
f5 22. Bd4 fxe4 23. f5 Bd5 24. Ne3 Bc6 25. f6 g6 26. Ng4 Kf8 27. Qe3 Rd5 28.
Nh6 Qe6 29. f7 Qd7 30. Ng8 1-0

[Event "13. Obert Int. Sant Marti 2011"]
[Site "Barcelona ESP"]
[Date "2011.07.18"]
[Round "6.10"]
[White "Gonzalez Perez, Arian"]
[Black "Neffe, Axel"]
[Result "1-0"]
[WhiteElo "2490"]
[BlackElo "2260"]
[PlyCount "79"]
[EventDate "2011.07.13"]
[EventType "swiss"]
[EventRounds "9"]
[EventCountry "ESP"]
[SourceTitle "Ajedrez en Madrid"]
[Source "lmi"]
[SourceDate "2011.07.13"]
[SourceVersion "1"]
[SourceVersionDate "2019.06.21"]
[SourceQuality "1"]

1. d4 Nf6 2. c4 c5 3. d5 e6 4. Nc3 exd5 5. cxd5 d6 6. e4 g6 7. f4 Bg7 8. Bb5+
Nfd7 9. Nf3 a6 10. Bd3 b5 11. O-O O-O 12. a3 Bb7 13. Kh1 Nf6 14. f5 Nbd7 15.
Bg5 b4 16. Ne2 Qb6 17. Ng3 Rae8 18. Qc2 c4 19. Bxc4 Ng4 20. h3 Ne3 21. Bxe3
Qxe3 22. axb4 Be5 23. Ra3 Qb6 24. Nxe5 Rxe5 25. Qd2 Rc8 26. Qh6 Qd8 27. fxg6
fxg6 28. Rf7 Kxf7 29. Qxh7+ Kf8 30. Rf3+ Nf6 31. Qxg6 Ke7 32. Qg7+ Ke8 33. Rxf6
Qe7 34. Qg6+ Kd8 35. Rf7 Rg5 36. Qh7 Qe8 37. b3 Rb8 38. Nf5 Bc8 39. Nxd6 Qg8
40. Qh6 1-0

[Event "13. Obert Int. Sant Marti 2011"]
[Site "Barcelona ESP"]
[Date "2011.07.18"]
[Round "6.12"]
[White "Gavilan Diaz, Mario"]
[Black "Pilgaard, Kim"]
[Result "1-0"]
[WhiteElo "2266"]
[BlackElo "2442"]
[PlyCount "85"]
[EventDate "2011.07.13"]
[EventType "swiss"]
[EventRounds "9"]
[EventCountry "ESP"]
[SourceTitle "Ajedrez en Madrid"]
[Source "lmi"]
[SourceDate "2011.07.13"]
[SourceVersion "1"]
[SourceVersionDate "2019.06.21"]
[SourceQuality "1"]

1. d4 d5 2. c4 e6 3. Nc3 Be7 4. Nf3 Nf6 5. Bg5 h6 6. Bh4 O-O 7. e3 Ne4 8. Bxe7
Qxe7 9. cxd5 Nxc3 10. bxc3 exd5 11. Qb3 Rd8 12. c4 dxc4 13. Bxc4 Nc6 14. Qc3
Bg4 15. O-O Bxf3 16. gxf3 Rd6 17. Kh1 Qf6 18. f4 Ne7 19. Be2 Rc8 20. Bg4 Rc6
21. Qb3 Rb6 22. Qc2 Rc6 23. Qb3 Rb8 24. Bf3 Rd6 25. Rac1 c6 26. Rg1 Kh8 27. Rc5
b6 28. Re5 Rc8 29. Qc2 Ng6 30. Qe4 Qd8 31. Rh5 Qe7 32. Qf5 Re8 33. Qg4 Rg8 34.
Rc1 Qf6 35. Rg1 Ne7 36. Re5 Ng6 37. Rh5 Qd8 38. Qh3 Ne7 39. f5 Rf6 40. Rg6 Nxf5
41. Rxf6 Qxf6 42. Qxf5 Qe7 43. Qe5 1-0

[Event "13. Obert Int. Sant Marti 2011"]
[Site "Barcelona ESP"]
[Date "2011.07.18"]
[Round "6.13"]
[White "Rios, Cristhian Camilo"]
[Black "Ryan, Joseph"]
[Result "1/2-1/2"]
[WhiteElo "2424"]
[BlackElo "2267"]
[PlyCount "122"]
[EventDate "2011.07.13"]
[EventType "swiss"]
[EventRounds "9"]
[EventCountry "ESP"]
[SourceTitle "Ajedrez en Madrid"]
[Source "lmi"]
[SourceDate "2011.07.13"]
[SourceVersion "1"]
[SourceVersionDate "2019.06.21"]
[SourceQuality "1"]

1. d4 e6 2. e4 d5 3. Nc3 Bb4 4. e5 c5 5. Bd2 Ne7 6. Nb5 Bxd2+ 7. Qxd2 O-O 8. f4
Bd7 9. Nd6 cxd4 10. Nf3 Nbc6 11. Bd3 f6 12. O-O Nc8 13. Nb5 Qb6 14. Kh1 f5 15.
a4 a6 16. a5 Qc5 17. Nbxd4 Nxd4 18. Qf2 Nb3 19. cxb3 Qxf2 20. Rxf2 Ne7 21. Rc2
Rfc8 22. Rxc8+ Rxc8 23. Nd4 h6 24. g3 Nc6 25. Nxc6 Rxc6 26. Kg2 Kf7 27. Kf2 Rc8
28. Ke3 g5 29. Rg1 Bb5 30. Bb1 g4 31. h3 gxh3 32. Rh1 Kg7 33. Kd2 d4 34. Rxh3
Bc6 35. Bd3 Bd5 36. Rh4 Bxb3 37. g4 fxg4 38. Rxg4+ Kf7 39. Bg6+ Ke7 40. Be4 Kf7
41. Rg6 Rh8 42. Rg3 Bc4 43. b3 Bb5 44. Bxb7 h5 45. Be4 h4 46. Rh3 Bf1 47. Rh2
h3 48. Ke1 Bb5 49. Kf2 d3 50. Ke3 Rd8 51. Bf3 Rh8 52. Bg4 d2 53. Kxd2 Rh4 54.
Be2 Bxe2 55. Kxe2 Kg6 56. Kf3 Kf5 57. Kg3 Rg4+ 58. Kxh3 Rxf4 59. Rc2 Rf3+ 60.
Kg2 Rxb3 61. Rc6 Kxe5 1/2-1/2